Online Catalogue and eLibrary

Literature (Record no. 3092)

MARC details
000 -LEADER
fixed length control field 00529nam a2200157Ia 4500
005 - DATE AND TIME OF LATEST TRANSACTION
control field 20240826005112.0
008 - FIXED-LENGTH DATA ELEMENTS--GENERAL INFORMATION
fixed length control field 240331s9999 xx 000 0 und d
020 ## - INTERNATIONAL STANDARD BOOK NUMBER
ISBN 0415169143
082 ## - DDC Classification
Item Number - Author Mark WID
Class No. 800
100 ## - MAIN ENTRY--PERSONAL NAME
Personal name Widdowson, P
245 #0 - TITLE STATEMENT
Title Literature
260 ## - PUBLICATION, DISTRIBUTION, ETC.
Place of publication, distribution, etc. London
Name of publisher, distributor, etc. Routledge
Date of publication, distribution, etc. 1999
300 ## - PHYSICAL DESCRIPTION
Extent (e.g. Volumes, Pages etc.) x, 229 p .,
500 ## - GENERAL NOTE
General note This Introductory volume provides an accessible overview of the history of ' as a cultural concept, and reflects on the contemporary nature, place and function of what ' the literary'
942 ## - Koha item type (Biblio)
Koha item type Books in Stacks (Lending)
Holdings
Lost status Damaged status Collection code Home library Current library Shelving location Date acquired Full call number Accession Number Item type
    Lending WERC Library WERC Library Social Science Cupboard 03/31/2024 800 WID 2731 Books in Stacks (Lending)

© WERC Library